01467cam a22003737a 4500003000500000005001700005008004100022010001000063011001000073035001000083040000900093090001000102100004500112245013800157260004000295300002200335502011800357590003700475590004100512590004100553590004100594590004100635590004100676590004200717650003700759650003400796650003600830901000700866905002400873942001000897949004200907999001700949952012700966CHAP20220329141849.0980316d1986 mx r 00110 spa d a74964 a75936 a85509 cCHAP aTesis00aHernández Narváez, Dora Elia.95439710aDeterminación y evaluación de la acción insecticida de la molécula experimental Kora IIc/por Dora Elia Hernández Narváez aMonterrey, N.L. :bEl autor,c1986. a38 h. :bgráfs. aTesis (Ing. Agr. Esp. en Parasitología Agrícola) -- ITESM. División de Ciencias Agropecuarias y Marítimas aALEPHb10c20130110lUCH01h1422 aBATCH-UPDb10c20130110lUCH01h0308 aBATCH-UPDb10c20130110lUCH01h1733 aBATCH-UPDb10c20130409lUCH01h2340 aBATCH-UPDb10c20130410lUCH01h1541 aBATCH-UPDb10c20130914lUCH01h1645 aCONVERSIONb10c20130109lUCH01h134114aInsecticidasxAnálisis.95885614aInsecticidasxPruebas.95887814aInsecticidasxToxicidad.958882 aBK aMayto Villalobos S. cTESIS bBCcTESd855091eTS1h32262i85509st c74964d74964 00102local4051708TESISaBCbBCcPA_TESISd2019-12-31fTESISl0oTesisp855091r2019-12-31 00:00:00w2019-12-31yTESIS